MARC

LEADER 00000nam0a2200000 4500
001 349626
005 20231102010224.0
035 |a (RuTPU)RU\TPU\retro\2372 
090 |a 349626 
100 |a 20180731d1869 km y0rusy50 ca 
101 0 |a rus 
102 |a RU 
105 |a a z 000zy 
200 1 |a Станки для обработки дерева на Парижской всемирной выставке 1867 г.  |f Н. Ф. Лабзин 
210 |a Санкт-Петербург  |c Общественная польза  |d 1869 
215 |a IV, 149 с.  |c ил. 
300 |a Текст в русской дореформенной орфографии 
316 |5 63413507: КР-5598  |a На титульном листе, с. I и 149 владельческий штамп "Из книг инж. И. Н. Бутакова" 
316 |5 63413507: КР-5598  |a На с. I и III штамп "Книжная торговля Лазаря Слосмана. Томск. Почтамстк. д. В. И. Королева Н-цы, прот. Ремесл. учил. Бр. Королевых" 
317 |5 63413507: КР-5598  |a Поступила в НТБ в 1970 г. в составе книжного собрания профессора ТПИ И. Н. Бутакова 
606 1 |a Деревообрабатывающие станки  |x Электрооборудование  |2 stltpush  |3 (RuTPU)RU\TPU\subj\9101  |9 36384 
610 1 |a библиотека И. Н. Бутакова 
610 1 |a Парижская всемирная выставка 
610 1 |a пилы 
610 1 |a строгальные станки 
610 1 |a сверлильные станки 
610 1 |a долбежные станки 
610 1 |a шипорезные станки 
610 1 |a столярные станки 
610 1 |a владельческие знаки 
675 |a 674.05  |v 4 
700 1 |a Лабзин  |b Н. Ф. 
801 1 |a RU  |b 63413507  |c 20180731 
801 2 |a RU  |b 63413507  |c 20181227  |g RCR 
942 |c BK